000 00564nam a2200217Ia 4500
005 20241129120227.0
008 241129s9999||||xx |||||||||||||| ||und||
020 _a9788119159987
037 _aTB
040 _aSDCL
_beng
_cSDCL
041 _ahin
_2hin
084 _aO152,3N35x, R3
_qSDCL
100 _aTully Mark
245 0 _aDhimi wali fast passenger
260 _aDelhi
_bRajkamal Prakashan India
_c2023
300 _a263p.
365 _aINR
_b795
650 _aReference
942 _cTB
_hO152,3N35x, R3
999 _c1233901
_d1233901